02713agaaa2200325 45000010005000000030009000050050017000140070009000310080040000400400023000800410014001031000056001171300033001732450220002062500022004262600101004483000034005495080193005835110093007765200941008695380016018105460014018266500072018407000065019127000068019777000070020459420012021159990019021279520241021460585IT-RoPAU20220918181225.0d cvaizq50131s9999||||xx ||| | || ||und|| aIT-RoPAUcIT-RoPAU aITALIANO  aDiritti GiorgiogCodice regista SPICS: 59415937738 aUOMO CHE VERRA' (L') 937739 aUOMO CHE VERRA' (L') cProdotto da: Bachini S. Diritti G -- Sceneggiatura: Diritti Giorgio Galavotti Giovanni Pedroni Tania -- Diretto da: Diritti GiorgiopUOMO CHE VERRA' (L') (Rif. Codice opera principale : K0585) aEdizione Standard a(ITALIA)bN.d. / Distribuzione: MAGAZZINO DISP g"2009 (1° ed.: 2010 ; Ed. Lingua Orig.: 2009)" aDVDbsonoro, col.c116 minuti a"Fotografia: Cimatti Roberto ; Montaggio: Diritti G. Marzoni P; Musica: Biscarini Marco; Sceneggiatura: Diritti Giorgio Galavotti Giovanni Pedroni Tania ; Scenografia: Basili Giancarlo ; " a"Casadio Claudio; Rohrwacher Alba; Sansa Maia; Zuccheri; Montanari Greta; Vito; Croci S" a"INVERNO 1943. MARTINA HA 8 ANNI E VIVE ALLE PENDICI DEL MONTE SOLE, NON LONTANO DA BOLOGNA. E' L'UNICA FIGLIA DI UNA FAMIGLIA DI CONTADINI CHE, COME TANTE, FATICA A SOPRAVVIVERE. ANNI PRIMA HA PERSO UN FRATELLINO E DA ALLORA HA SMESSO DI PARLARE. NEL DICEMBRE LA MAMMA RIMANE NUOVAMENTE INCINTA. I ME SI PASSANO, LA GUERRA SI AVVICINA E LA VITA DIVENTA SEMPRE PIU' DIFFICILE. NELLA NOTTE TRA IL 28 E IL 29 SETTEMBRE 1944 IL PICCOLO VIENE FINALMENTE ALLA LUCE. QUASI CONTEMPORANEAMENTE LE SS SCATENANO NELLA ZONA UN RASTRELLAMENTO SENZA PRECEDENTI CHE PASSERA' ALLA STORIA COME LA STRAGE DI MARZABOTTO IN CUI PERSERO LA VITA 780 CIVILI, IN MAGGIORANZA DONNE E BAMBINI. VINCITORE DEL DAVID DI DONATELLO COME MIGLIOR FILM, MIGLIOR PRODUTTORE E MIGLIOR FONICO IN PRESA DIRETTA; PREMIO COME MIGLIOR FILM AL FESTIVAL DI ROMA 2009. CONTENUTI EXTRA: BACKSTAGE; GALLERIA FOTOGRAFICA; INTERVISTA A GIORGIO DIRITTI A CURA DI BARBARA SORRENTINI. " aPAL, STEREO aITALIANO  aDRAMMA - GUERRA eDVD-FILM [DVD]xCodice MATERIA SPICS: 9947937740 aBiscarini Marcoe(musica)gCodice Musica SPICS: 59417937741 aDiritti Giorgio e(regista)gCodice regista SPICS: 59415937742 aDiritti Giorgio e(soggetto)gCodice Soggetto SPICS: 59415937743 cDV2ddc c104802d104802 0010406K_0585_00000000000000071aSPICSbSPICSd2015-01-31l0oK0585r2015-01-31 00:00:00w2015-01-31yDVzProgr. Ins.: 3955 / N.Vol.:1 / Copie: 1 / Pag.:0 / Copia rara: n.d. / date import: 1.2.2015 / By Epidotti, Trombetti, Vaglietti